| 000 | 00584nam a2200205 a 4500 | ||
|---|---|---|---|
| 005 | 20240614063658.0 | ||
| 008 | 991125s1974 es 000 0 eng u | ||
| 020 | _a333146425 | ||
| 035 | _aUPN01000004865 | ||
| 049 | _aF | ||
| 050 | 4 |
_aPE1117 L3 _bR6.3 |
|
| 100 | 1 | _aRound, Graham | |
| 245 | 1 | 0 |
_aAt the seaside / _cil. by Graham Round. |
| 260 |
_aBilbao [Esp.] : _bMacMillan Education, _c1974. |
||
| 300 |
_a[13] p. : _bprincipalmente il. |
||
| 440 | 0 | _aWords for topics | |
| 500 | _aDatos tomados de la cubierta | ||
| 650 | 4 |
_aInglés _xEstudio y enseñanza _918 |
|
| 905 | _aLibro | ||
| 999 |
_c4865 _d4865 |
||